000 00781nam a2200253Ia 4500
003 OSt
005 20220927112212.0
006 a|||||r|||| 00| 0
007 ta
008 220926b |||||||| |||| 00| 0 eng d
024 _a88499
037 _cReports
040 _aRTL
_cRTL
_beng
041 _2eng
_aeng
082 _a"X9(D26).275,h,DVC, J6"
110 _a"India, Government of..... Damodar Valley Corporation"
_9383269
245 0 _aEight years of Damodar Valley Corporation
260 _aCalcutta
_bDamodar Valley Corporation India
_c1956
300 _a82p.
_ccm.
650 _aRiver Industry
700 _a"India, Government of..... Damodar Valley Corporation"
_9383270
942 _h"X9(D26).275,h,DVC, J6"
_cCC
999 _c699887
_d699887